| 000 | 00717nam a22002177a 4500 | ||
|---|---|---|---|
| 999 |
_c7435 _d7435 |
||
| 003 | OSt | ||
| 005 | 20211110114852.0 | ||
| 008 | 211110b ||||| |||| 00| 0 eng d | ||
| 020 | _a9780415252959 | ||
| 040 | _cddc | ||
| 082 | _a321.8 DEV 2002 | ||
| 100 |
_aOle, Elgström:Goran, Hyden _915236 |
||
| 245 |
_aDevelopment and democracy : _b what have we learned and how? |
||
| 260 |
_aLondon : _bRoutledge; _c2002 |
||
| 300 |
_axix, 217 pages : _b illustrations ; _c 24 cm |
||
| 504 | _aIncludes bibliographical references (pages [207]-210) and index | ||
| 650 |
_aDemocracy _91184 |
||
| 650 |
_aEconomic development -- Political aspects _915237 |
||
| 650 |
_aComparative government _97296 |
||
| 942 |
_2ddc _cBOOK |
||